|
|
|
|
| LEADER |
00730ntm a2200181 i 4500 |
| 001 |
misc46723 |
| 005 |
20200424113031.0 |
| 008 |
200424s1887 hu o 0|| hun d |
| 040 |
|
|
|a SZTE Miscellanea Repozitórium
|b hun
|
| 041 |
|
|
|a hun
|
| 100 |
1 |
|
|a Knyaskó Lajos
|
| 245 |
1 |
0 |
|a Knyaskó Lajos iskolaigazgató levele Herrmann Antalhoz
|h [elektronikus dokumentum] /
|c Knyaskó Lajos
|
| 260 |
|
|
|c 1887-07-17
|
| 300 |
|
|
|a 1
|
| 561 |
|
|
|a Herrmann Antal hagyaték
|
| 650 |
|
4 |
|a Általános oktatás (benne képzés, pedagógia, didaktika)
|
| 695 |
|
|
|a Knyaskó Lajos, Ekchardt Henrik, iskolaügy, Budapest Állami Tanítóképző Intézet
|
| 856 |
4 |
0 |
|u http://misc.bibl.u-szeged.hu/46723/1/hermann_antal_boritek_003_008_003.pdf
|z Dokumentum-elérés
|